000 00367nam a2200145Ia 4500
008 150301s2013 xx 000 0 und d
082 _a615.8
_bT13K
100 _aKISNER, COROLYN
245 _aTHERAPEUTIC EXECRCISE : FUNDATION AND TECHNIQUES
250 _a6TH
260 _bJAYPEE
_aDELHI
_c2013
300 _a1023
650 _aPHYSIOTHERAPY
942 _2ddc
_cBK
_0127
999 _c6550
_d6550